| Tag |
First Indicator |
Second Indicator |
Subfields |
| LEADER |
00000cam a2200000 4500 |
| 001 |
in00000196513 |
| 005 |
20151009051053.0 |
| 008 |
791016s1960 inua b 00010 eng d |
| 035 |
|
|
|a (OCoLC)05527815
|
| 035 |
|
|
|9 AAV3425AM
|
| 040 |
|
|
|a TXA
|c TXA
|d UtOrBLW
|
| 049 |
|
|
|a TXAM
|c [353072]
|
| 090 |
|
|
|a LB2341
|b .B56
|
| 100 |
1 |
|
|a Blakesley, James Flinn.
|
| 245 |
1 |
2 |
|a A data processing system for scheduling university students to classes using an intermediate-speed digital computer /
|c by James Flinn Blakesley.
|
| 264 |
|
1 |
|a [Lafayette, Ind.],
|b [publisher not identified] ;
|c 1960.
|
| 300 |
|
|
|a viii, 130 :
|b illustrations
|
| 336 |
|
|
|a text
|b txt
|2 rdacontent
|
| 337 |
|
|
|a unmediated
|b n
|2 rdamedia
|
| 338 |
|
|
|a volume
|b nc
|2 rdacarrier
|
| 502 |
|
|
|b M.S.
|c Purdue.
|
| 504 |
|
|
|a Bibliography: . 70.
|
| 650 |
|
0 |
|a Universities and colleges
|x Data processing.
|
| 999 |
|
|
|a MARS
|
| 999 |
f |
f |
|s deee5fe0-993a-3ac7-86ab-3d34f8710b3d
|i 6b07aa69-feff-3927-be85-6fc1ab137eae
|t 0
|
| 952 |
f |
f |
|p normal
|a Texas A&M University
|b College Station
|c Sterling C. Evans Library
|d Evans: Library Stacks
|t 0
|e LB2341 .B56
|h Library of Congress classification
|i unmediated -- volume
|m A14803282234
|
| 998 |
f |
f |
|a LB2341 .B56
|t 0
|l Evans: Library Stacks
|